[Event "Bucharest Dreptatea"]
[Site "Bucharest"]
[Date "1995.??.??"]
[Round "9"]
[White "Ionescu, Doru Alexandru"]
[Black "Aronian, Levon"]
[Result "1-0"]
[WhiteElo "2335"]
[BlackElo "2330"]
[PlyCount "77"]
[EventDate "1995.??.??"]
[EventType "tourn"]
[EventRounds "13"]
[EventCountry "ROU"]
[EventCategory "5"]
[SourceTitle "EXT 2002"]
[Source "ChessBase"]
[SourceDate "2001.11.25"]
[SourceVersion "1"]
[SourceVersionDate "2001.11.25"]
[SourceQuality "1"]

1. d4 Nf6 2. c4 g6 3. Nc3 d5 4. Nf3 Bg7 5. Bg5 Ne4 6. cxd5 Nxg5 7. Nxg5 e6 8.
Qd2 exd5 9. Qe3+ Kf8 10. Qf4 Bf6 11. h4 c6 12. e4 h6 13. Nf3 Kg7 14. e5 Be7 15.
Bd3 Be6 16. O-O-O Nd7 17. Qg3 b5 18. Ne2 Rg8 19. Nf4 Nf8 20. Nh5+ Kh8 21. Qf4
Nh7 22. Ng3 Qf8 23. Kb1 Rb8 24. Nh2 b4 25. Ng4 b3 26. a3 h5 27. Nf6 Bxf6 28.
exf6 Rb7 29. Rhe1 Qc8 30. Re5 Rc7 31. Rde1 a5 32. Nxh5 c5 33. dxc5 Rxc5 34. Ng3
Qd8 35. Rxe6 fxe6 36. f7 Rg7 37. Rxe6 Rc8 38. Re8+ Qxe8 39. fxe8=Q+ 1-0

[Event "Bucharest Dreptatea"]
[Site "Bucharest"]
[Date "1995.??.??"]
[Round "10"]
[White "Aronian, Levon"]
[Black "Vajda, Albert"]
[Result "0-1"]
[WhiteElo "2330"]
[BlackElo "2325"]
[PlyCount "58"]
[EventDate "1995.??.??"]
[EventType "tourn"]
[EventRounds "13"]
[EventCountry "ROU"]
[EventCategory "5"]
[SourceTitle "EXT 2002"]
[Source "ChessBase"]
[SourceDate "2001.11.25"]
[SourceVersion "1"]
[SourceVersionDate "2001.11.25"]
[SourceQuality "1"]

1. e4 e5 2. Nf3 Nc6 3. Bb5 a6 4. Bxc6 bxc6 5. d4 exd4 6. Qxd4 d6 7. O-O c5 8.
Qd3 Ne7 9. b3 Ng6 10. Bb2 Be7 11. Re1 O-O 12. Nbd2 Be6 13. Qc3 Ne5 14. Nxe5
dxe5 15. Rad1 f6 16. Nf1 Qe8 17. Ne3 Qb5 18. Nd5 Bd6 19. a4 Qc6 20. Qc4 Kh8 21.
Ba3 f5 22. exf5 Rxf5 23. f3 Raf8 24. Re4 Rh5 25. Re2 e4 26. fxe4 Bxh2+ 27. Kh1
Bg3+ 28. Kg1 Bxd5 29. Qxc5 Rh1+ 0-1

[Event "Bucharest Dreptatea"]
[Site "Bucharest"]
[Date "1995.??.??"]
[Round "11"]
[White "Popescu, Cristian"]
[Black "Aronian, Levon"]
[Result "1-0"]
[WhiteElo "2285"]
[BlackElo "2330"]
[PlyCount "52"]
[EventDate "1995.??.??"]
[EventType "tourn"]
[EventRounds "13"]
[EventCountry "ROU"]
[EventCategory "5"]
[SourceTitle "EXT 2002"]
[Source "ChessBase"]
[SourceDate "2001.11.25"]
[SourceVersion "1"]
[SourceVersionDate "2001.11.25"]
[SourceQuality "1"]

1. e4 e6 2. d4 d5 3. Nc3 Nc6 4. Nf3 Nf6 5. Bd3 Bb4 6. Bg5 h6 7. Bxf6 Qxf6 8. a3
Ba5 9. O-O dxe4 10. Nxe4 Qd8 11. c4 f5 12. Ng3 Nxd4 13. Nxd4 Qxd4 14. b4 Bb6
15. c5 Bxc5 16. bxc5 Qxc5 17. Qh5+ Kf8 18. Rac1 Qb6 19. Bc4 Bd7 20. Qg6 f4 21.
Nh5 Qb2 22. Nxf4 Qf6 23. Qxf6+ gxf6 24. Ng6+ Kg7 25. Nxh8 Rxh8 26. Rfe1 e5 1-0

[Event "Bucharest Dreptatea"]
[Site "Bucharest"]
[Date "1995.??.??"]
[Round "12"]
[White "Tomescu, Vlad"]
[Black "Aronian, Levon"]
[Result "1-0"]
[WhiteElo "2395"]
[BlackElo "2330"]
[PlyCount "115"]
[EventDate "1995.??.??"]
[EventType "tourn"]
[EventRounds "13"]
[EventCountry "ROU"]
[EventCategory "5"]
[SourceTitle "EXT 2002"]
[Source "ChessBase"]
[SourceDate "2001.11.25"]
[SourceVersion "1"]
[SourceVersionDate "2001.11.25"]
[SourceQuality "1"]

1. e4 e5 2. Nc3 Nc6 3. Bc4 Nf6 4. d3 Bb4 5. Nf3 d5 6. exd5 Nxd5 7. O-O Bxc3 8.
bxc3 O-O 9. Bd2 Bg4 10. h3 Bh5 11. g4 Bg6 12. Re1 f6 13. Rb1 Bf7 14. Bb3 Qd7
15. Nh4 b6 16. Qf3 Nde7 17. Re4 Rad8 18. Kh1 Nc8 19. Rg1 Nd6 20. Ree1 Ne7 21.
Qg2 g5 22. Nf3 c5 23. Bxf7+ Nxf7 24. d4 Ng6 25. dxe5 Nfxe5 26. Nxe5 Qxd2 27.
Nxg6 hxg6 28. Re7 Rf7 29. Rge1 Rxe7 30. Rxe7 Qd1+ 31. Qg1 Qf3+ 32. Qg2 Qd1+ 33.
Qg1 Qxc2 34. Qg3 Qxa2 35. Qe3 Qd5+ 36. Kg1 Qd1+ 37. Kg2 Qd5+ 38. Kg1 Qc6 39.
Qe2 a5 40. Re6 Rd1+ 41. Qxd1 Qxe6 42. Qd8+ Kg7 43. Qc7+ Kh8 44. Qd8+ Kh7 45.
Qc7+ Kg8 46. Qd8+ Kf7 47. Qc7+ Ke8 48. Qb8+ Kd7 49. Qb7+ Kd8 50. Qb8+ Ke7 51.
Qc7+ Qd7 52. Qxb6 Qd1+ 53. Kg2 Qd5+ 54. Kg1 c4 55. Qc7+ Ke6 56. Qc8+ Ke5 57.
Qe8+ Kf4 58. Qe3# 1-0

[Event "Moscow7"]
[Site "Moscow"]
[Date "1995.??.??"]
[Round "?"]
[White "Aronian, Levon"]
[Black "Belozerov, Andrei"]
[Result "0-1"]
[WhiteElo "2330"]
[BlackElo "2325"]
[PlyCount "70"]
[EventDate "1995.??.??"]
[EventType "tourn"]
[EventRounds "11"]
[EventCountry "RUS"]
[EventCategory "3"]
[SourceTitle "EXT 1998"]
[Source "ChessBase"]
[SourceDate "1997.11.17"]
[SourceVersion "1"]
[SourceVersionDate "1997.11.17"]
[SourceQuality "1"]

1. d4 Nf6 2. Nc3 d5 3. Bg5 e6 4. e4 dxe4 5. Nxe4 Be7 6. Bxf6 gxf6 7. g4 Bd7 8.
Bd3 Bc6 9. Nf3 h5 10. gxh5 Qd5 11. Rg1 Nd7 12. Ned2 Qxh5 13. Be4 Bxe4 14. Nxe4
O-O-O 15. Qe2 Qa5+ 16. c3 Rhg8 17. Rxg8 Rxg8 18. Ned2 Nb6 19. a4 a6 20. Ne4 Qd5
21. Ng3 Rg4 22. Nd2 f5 23. a5 Nd7 24. Qf3 Qb5 25. b4 Bg5 26. h3 Bxd2+ 27. Kxd2
Rh4 28. Re1 Kb8 29. Qg2 Nf6 30. f3 Qc4 31. Rc1 Nd5 32. Ne2 Qa2+ 33. Ke1 Qb2 34.
Qg3 Nf4 35. Qh2 Nd3+ 0-1

[Event "Moscow7"]
[Site "Moscow"]
[Date "1995.??.??"]
[Round "?"]
[White "Aronian, Levon"]
[Black "Koniushkov, Igor"]
[Result "1/2-1/2"]
[WhiteElo "2330"]
[BlackElo "2265"]
[PlyCount "52"]
[EventDate "1995.??.??"]
[EventType "tourn"]
[EventRounds "11"]
[EventCountry "RUS"]
[EventCategory "3"]
[SourceTitle "EXT 1998"]
[Source "ChessBase"]
[SourceDate "1997.11.17"]
[SourceVersion "1"]
[SourceVersionDate "1997.11.17"]
[SourceQuality "1"]

1. Nf3 Nf6 2. g3 d5 3. Bg2 c6 4. O-O Bg4 5. b3 Nbd7 6. Bb2 e6 7. d3 Bd6 8. Nbd2
O-O 9. h3 Bh5 10. e4 dxe4 11. dxe4 Bxf3 12. Qxf3 Be5 13. Bxe5 Nxe5 14. Qe3 Ng6
15. Rad1 Qc7 16. Nc4 Rfd8 17. f4 b5 18. Nb2 e5 19. f5 Nf8 20. Nd3 N8d7 21. g4
Qb6 22. Kf2 h6 23. Rd2 Nc5 24. Nxc5 Rxd2+ 25. Qxd2 Qxc5+ 26. Ke2 a5 1/2-1/2

[Event "Wch U14 Disney"]
[Site "Paris"]
[Date "1995.??.??"]
[Round "7"]
[White "Vajda, Levente"]
[Black "Aronian, Levon"]
[Result "1/2-1/2"]
[WhiteElo "2320"]
[BlackElo "2330"]
[PlyCount "60"]
[EventDate "1995.??.??"]
[EventType "swiss (rapid)"]
[EventRounds "9"]
[EventCountry "FRA"]
[SourceTitle "EXT 1999"]
[Source "ChessBase"]
[SourceDate "1998.11.16"]
[SourceVersion "1"]
[SourceVersionDate "1998.11.16"]
[SourceQuality "1"]

1. e4 c5 2. Nf3 d6 3. c3 Nf6 4. Be2 Nc6 5. d4 cxd4 6. cxd4 Nxe4 7. d5 Qa5+ 8.
Nc3 Nxc3 9. bxc3 Nd8 10. O-O e5 11. Qb3 Bd7 12. a4 Rc8 13. Bd2 Be7 14. Bb5 Qc7
15. Rfe1 O-O 16. Bxd7 Qxd7 17. a5 f5 18. Be3 e4 19. Nd2 Qc7 20. c4 Qb8 21. Bd4
Nf7 22. f4 Rc7 23. Qg3 g6 24. Qe3 Rc5 25. g4 Nh6 26. g5 Nf7 27. Bc3 Rfc8 28.
Qd4 Bf8 29. h4 b5 30. axb6 Qxb6 1/2-1/2

[Event "ARM-ch"]
[Site "Yerevan"]
[Date "1996.??.??"]
[Round "1"]
[White "Aronian, Levon"]
[Black "Akopian, Vladimir Eduardovic"]
[Result "0-1"]
[WhiteElo "2310"]
[BlackElo "2620"]
[PlyCount "82"]
[EventDate "1996.??.??"]
[EventType "tourn"]
[EventRounds "13"]
[EventCountry "ARM"]
[EventCategory "9"]
[SourceTitle "EXT 1998"]
[Source "ChessBase"]
[SourceDate "1997.11.17"]
[SourceVersion "1"]
[SourceVersionDate "1997.11.17"]
[SourceQuality "1"]

1. d4 Nf6 2. Nc3 d5 3. Bg5 Nbd7 4. Nf3 h6 5. Bh4 c6 6. Qd3 Qa5 7. Nd2 g6 8. f3
e6 9. e4 Bg7 10. e5 Nh5 11. Nb3 Qc7 12. Qd2 a6 13. Bf2 Bf8 14. f4 Ng7 15. Nd1
c5 16. dxc5 Nxc5 17. Nxc5 Bxc5 18. Bxc5 Qxc5 19. Nf2 h5 20. O-O-O Qc7 21. g3
Bd7 22. Kb1 Bb5 23. Nd3 O-O-O 24. Ne1 Bxf1 25. Rxf1 Nf5 26. Rf3 d4 27. Rb3 h4
28. Nf3 hxg3 29. hxg3 Kb8 30. Ng5 Rd7 31. Rc1 Qc6 32. Qd3 Rh1 33. Ne4 Rxc1+ 34.
Kxc1 Rd8 35. Rc3 Qd5 36. Rc4 Qa5 37. Nd2 Rh8 38. Qf3 Rh2 39. c3 Qxa2 40. cxd4
Qa1+ 41. Kc2 Qe1 0-1

[Event "ARM-ch"]
[Site "Yerevan"]
[Date "1996.??.??"]
[Round "3"]
[White "Aronian, Levon"]
[Black "Movsesian, Sergei"]
[Result "1-0"]
[WhiteElo "2310"]
[BlackElo "2580"]
[PlyCount "149"]
[EventDate "1996.??.??"]
[EventType "tourn"]
[EventRounds "13"]
[EventCountry "ARM"]
[EventCategory "9"]
[SourceTitle "EXT 1998"]
[Source "ChessBase"]
[SourceDate "1997.11.17"]
[SourceVersion "1"]
[SourceVersionDate "1997.11.17"]
[SourceQuality "1"]

1. d4 Nf6 2. Nc3 d5 3. Bg5 c6 4. Qd3 e6 5. e4 Qb6 6. O-O-O Nxe4 7. Nxe4 dxe4 8.
Qg3 Qa5 9. Bc4 Nd7 10. Ne2 Bd6 11. Bf4 Bxf4+ 12. Nxf4 O-O 13. Rhe1 Nf6 14. f3
exf3 15. Re5 Qb4 16. Bd3 f2 17. c3 Qe7 18. Rf1 g6 19. Rxf2 Nd5 20. Nxd5 cxd5
21. Rh5 f5 22. Rg5 Bd7 23. h4 Be8 24. h5 Qf6 25. hxg6 hxg6 26. Qf4 Kf7 27. g4
Bd7 28. gxf5 exf5 29. Rfg2 Rg8 30. Be2 Rac8 31. Bf3 Be6 32. Rxg6 Rxg6 33. Bh5
Rcg8 34. Qc7+ Kf8 35. Qb8+ Ke7 36. Qc7+ Bd7 37. Re2+ Qe6 38. Qc5+ Kd8 39. Rxe6
Rxe6 40. Qxd5 Rh8 41. Bd1 Kc7 42. Bf3 Bc8 43. Qc5+ Kb8 44. d5 Rg6 45. d6 Rh7
46. Qe5 Re6 47. Qf4 Bd7 48. Qc4 Bc8 49. Qd5 Re8 50. c4 Re3 51. Qg8 Rd7 52. Qg3
b6 53. Qf4 Re6 54. b4 Bb7 55. c5 bxc5 56. bxc5 Bxf3 57. Qxf3 Re8 58. c6 Rc8 59.
c7+ Rcxc7+ 60. dxc7+ Rxc7+ 61. Kd2 Rc5 62. Kd3 Kc7 63. Kd4 Ra5 64. Qc3+ Kb6 65.
Qc4 Rb5 66. a4 Ra5 67. Qb4+ Ka6 68. Kc4 f4 69. Qd6+ Kb7 70. Kb4 Ra6 71. Qd7+
Kb8 72. a5 Rh6 73. Qd8+ Kb7 74. Qe7+ Ka6 75. Qd7 1-0

[Event "ARM-ch"]
[Site "Yerevan"]
[Date "1996.??.??"]
[Round "4"]
[White "Minasian, Artashes"]
[Black "Aronian, Levon"]
[Result "1-0"]
[WhiteElo "2580"]
[BlackElo "2310"]
[PlyCount "108"]
[EventDate "1996.??.??"]
[EventType "tourn"]
[EventRounds "13"]
[EventCountry "ARM"]
[EventCategory "9"]
[SourceTitle "EXT 1998"]
[Source "ChessBase"]
[SourceDate "1997.11.17"]
[SourceVersion "1"]
[SourceVersionDate "1997.11.17"]
[SourceQuality "1"]

1. e4 c5 2. d3 Nc6 3. g3 d5 4. exd5 Qxd5 5. Nf3 Bg4 6. Bg2 Nd4 7. Nbd2 Qe6+ 8.
Kf1 Nxf3 9. Nxf3 Bh3 10. c4 Bxg2+ 11. Kxg2 Qc6 12. d4 cxd4 13. Qxd4 e6 14. Rd1
Nf6 15. Bh6 Rc8 16. Rac1 Qe4 17. Qc3 Qf5 18. Nd4 Qxf2+ 19. Kxf2 Ne4+ 20. Ke2
Nxc3+ 21. Rxc3 gxh6 22. Rb3 b6 23. Nb5 Rxc4 24. Nxa7 Bc5 25. Nc8 O-O 26. Nxb6
Bxb6 27. Rxb6 Ra8 28. a3 Ra5 29. Rd3 Rc2+ 30. Rd2 Rc1 31. Rb3 Rh5 32. Kf3 Rf5+
33. Kg2 Rff1 34. Re3 Rg1+ 35. Kf3 Rb1 36. b4 Rgf1+ 37. Ke4 Kg7 38. Ke5 Rfc1 39.
Kd6 Rc8 40. Ke7 e5 41. Rxe5 Rb3 42. Kd7 Rc4 43. Rc5 Re4 44. b5 Rxa3 45. Rb2
Rd3+ 46. Kc6 Re6+ 47. Kb7 h5 48. b6 Ra3 49. Kc7 Re7+ 50. Kc6 Re6+ 51. Kd5 Rd3+
52. Kc4 Rd8 53. b7 Re4+ 54. Kb5 Ree8 1-0

[Event "ARM-ch"]
[Site "Yerevan"]
[Date "1996.??.??"]
[Round "6"]
[White "Mirumian, Vigen"]
[Black "Aronian, Levon"]
[Result "1/2-1/2"]
[WhiteElo "2425"]
[BlackElo "2310"]
[PlyCount "98"]
[EventDate "1996.??.??"]
[EventType "tourn"]
[EventRounds "13"]
[EventCountry "ARM"]
[EventCategory "9"]
[SourceTitle "EXT 1998"]
[Source "ChessBase"]
[SourceDate "1997.11.17"]
[SourceVersion "1"]
[SourceVersionDate "1997.11.17"]
[SourceQuality "1"]

1. d4 Nf6 2. c4 g6 3. g3 Bg7 4. Bg2 d5 5. cxd5 Nxd5 6. Nf3 O-O 7. O-O Nb6 8.
Nc3 Nc6 9. d5 Na5 10. Qc2 c6 11. dxc6 Nxc6 12. Rd1 Qc7 13. Nb5 Qb8 14. Bf4 e5
15. Be3 Bf5 16. Qc5 Rc8 17. Nd6 Bf8 18. Ng5 Rc7 19. Qb5 Bc2 20. Bxb6 axb6 21.
Rd2 Nd4 22. Qxe5 Bg7 23. Qf4 Ra4 24. Nde4 Bxe4 25. Bxe4 Bh6 26. Rad1 Qd8 27.
Rxd4 Rxd4 28. Rxd4 Qxd4 29. Qxc7 Bxg5 30. Qc2 Bf6 31. b3 Qd7 32. Qd3 Qe7 33.
Qf3 b5 34. Bxb7 b4 35. Bd5 Kg7 36. Bc4 Bd4 37. e3 Bc3 38. Qd5 Kf6 39. Kf1 Kg7
40. Ke2 Qa7 41. Kd3 Bb2 42. g4 Qc7 43. h4 Bf6 44. h5 Qd8 45. Qxd8 Bxd8 46. a4
bxa3 47. b4 gxh5 48. gxh5 f5 49. Kc3 Bh4 1/2-1/2

[Event "ARM-ch"]
[Site "Yerevan"]
[Date "1996.??.??"]
[Round "12"]
[White "Aronian, Levon"]
[Black "Nalbandian, Tigran"]
[Result "1-0"]
[WhiteElo "2310"]
[BlackElo "2475"]
[PlyCount "59"]
[EventDate "1996.??.??"]
[EventType "tourn"]
[EventRounds "13"]
[EventCountry "ARM"]
[EventCategory "9"]
[SourceTitle "EXT 1998"]
[Source "ChessBase"]
[SourceDate "1997.11.17"]
[SourceVersion "1"]
[SourceVersionDate "1997.11.17"]
[SourceQuality "1"]

1. d4 Nf6 2. Nc3 d5 3. Bg5 Nbd7 4. Nf3 h6 5. Bh4 e6 6. e4 g5 7. Bg3 Nxe4 8.
Nxe4 dxe4 9. Ne5 h5 10. h4 g4 11. Qe2 Nxe5 12. dxe5 Bh6 13. Rd1 Qe7 14. Qxe4
Rb8 15. Bb5+ Kf8 16. Qd4 a6 17. Qa7 axb5 18. Qxb8 Qb4+ 19. c3 Qe4+ 20. Kf1 Qc4+
21. Kg1 Kg7 22. Kh2 Qc5 23. Rd4 Qb6 24. Qa8 Kh7 25. Rhd1 Bd7 26. Qa3 Bf8 27.
Qb3 Bc6 28. Qc2+ Kg7 29. Qd2 Be7 30. Bf4 1-0

[Event "ARM-ch"]
[Site "Yerevan"]
[Date "1996.??.??"]
[Round "13"]
[White "Asrian, Karen"]
[Black "Aronian, Levon"]
[Result "1/2-1/2"]
[WhiteElo "2310"]
[BlackElo "2310"]
[PlyCount "46"]
[EventDate "1996.??.??"]
[EventType "tourn"]
[EventRounds "13"]
[EventCountry "ARM"]
[EventCategory "9"]
[SourceTitle "EXT 1998"]
[Source "ChessBase"]
[SourceDate "1997.11.17"]
[SourceVersion "1"]
[SourceVersionDate "1997.11.17"]
[SourceQuality "1"]

1. e4 c5 2. Nf3 d6 3. d4 cxd4 4. Nxd4 Nf6 5. Nc3 g6 6. Be3 Bg7 7. f3 Nc6 8. Qd2
O-O 9. g4 Be6 10. O-O-O Rc8 11. h4 Ne5 12. Kb1 Qa5 13. Nd5 Qxd2 14. Nxe7+ Kh8
15. Bxd2 Rce8 16. g5 Nxe4 17. fxe4 Rxe7 18. Nxe6 fxe6 19. Bb4 Nf7 20. Bh3 Be5
21. Rd3 Rc8 22. b3 b5 23. Rf1 Kg7 1/2-1/2

[Event "Decin op"]
[Site "Decin"]
[Date "1996.??.??"]
[Round "1"]
[White "Aronian, Levon"]
[Black "Zugaj, Fjodor"]
[Result "1-0"]
[WhiteElo "2390"]
[BlackElo "2190"]
[PlyCount "91"]
[EventDate "1996.??.??"]
[EventType "swiss"]
[EventRounds "9"]
[EventCountry "CZE"]
[SourceTitle "CBM 053 Extra"]
[Source "ChessBase"]
[SourceDate "1996.09.01"]
[SourceVersion "1"]
[SourceVersionDate "1996.09.01"]
[SourceQuality "1"]

1. e4 c6 2. Nc3 d5 3. d4 dxe4 4. Nxe4 Bf5 5. Ng3 Bg6 6. h4 h6 7. Nf3 Nd7 8. h5
Bh7 9. Bd3 Bxd3 10. Qxd3 e6 11. Bd2 Qc7 12. Qe2 Ngf6 13. O-O-O Bd6 14. Nf5 Bf4
15. Bxf4 Qxf4+ 16. Ne3 Nd5 17. Rh4 Qc7 18. Nxd5 cxd5 19. Rg4 Rg8 20. Ne5 Nxe5
21. dxe5 O-O-O 22. Rd3 Qe7 23. Rdg3 Qf8 24. Qe3 Kb8 25. Qa3 f6 26. Qxf8 Rdxf8
27. Rxg7 Rxg7 28. Rxg7 fxe5 29. f3 Rf5 30. g4 Rf6 31. Kd2 a5 32. Ke3 d4+ 33.
Ke2 e4 34. fxe4 e5 35. g5 hxg5 36. Rxg5 Rc6 37. Kd3 Re6 38. Rg6 Re7 39. h6 Ka7
40. Rg7 Re6 41. h7 Rh6 42. Kc4 Rh5 43. Kb5 Rh2 44. Kxa5 Rxc2 45. h8=Q d3 46.
Qf8 1-0

[Event "Decin op"]
[Site "Decin"]
[Date "1996.??.??"]
[Round "2"]
[White "Jirovsky, Pavel"]
[Black "Aronian, Levon"]
[Result "0-1"]
[WhiteElo "2325"]
[BlackElo "2390"]
[PlyCount "70"]
[EventDate "1996.??.??"]
[EventType "swiss"]
[EventRounds "9"]
[EventCountry "CZE"]
[SourceTitle "CBM 053 Extra"]
[Source "ChessBase"]
[SourceDate "1996.09.01"]
[SourceVersion "1"]
[SourceVersionDate "1996.09.01"]
[SourceQuality "1"]

1. d4 Nf6 2. Bg5 Ne4 3. h4 c6 4. Nd2 Qa5 5. Ngf3 d5 6. c3 h6 7. Bf4 Bf5 8. e3
e6 9. Nxe4 Bxe4 10. Ne5 Qb6 11. f3 Bh7 12. Qd2 f6 13. Ng4 Nd7 14. h5 O-O-O 15.
a4 Re8 16. a5 Qd8 17. Kf2 e5 18. Bg3 a6 19. c4 dxc4 20. Bxc4 f5 21. Nh2 Nf6 22.
Nf1 f4 23. exf4 exd4 24. f5 Bd6 25. Be6+ Kb8 26. Rd1 d3 27. Qc3 Rhf8 28. Rxd3
Rxe6 29. Rxd6 Rxd6 30. Qb4 Ne8 31. Ne3 Ka8 32. Nc4 c5 33. Qxc5 Rxf5 34. Nb6+
Rxb6 35. Qxb6 Qd2+ 0-1

[Event "Decin op"]
[Site "Decin"]
[Date "1996.??.??"]
[Round "3"]
[White "Aronian, Levon"]
[Black "Raudive, Aivars"]
[Result "1-0"]
[WhiteElo "2390"]
[BlackElo "2365"]
[PlyCount "45"]
[EventDate "1996.??.??"]
[EventType "swiss"]
[EventRounds "9"]
[EventCountry "CZE"]
[SourceTitle "CBM 053 Extra"]
[Source "ChessBase"]
[SourceDate "1996.09.01"]
[SourceVersion "1"]
[SourceVersionDate "1996.09.01"]
[SourceQuality "1"]

1. d4 Nf6 2. Nc3 d5 3. Bg5 e6 4. e4 dxe4 5. Nxe4 Be7 6. Bxf6 Bxf6 7. Nf3 Nd7 8.
c3 O-O 9. Bd3 b6 10. Qe2 Bb7 11. O-O-O Be7 12. Ne5 c5 13. Bb5 Nxe5 14. dxe5 Qb8
15. Rd7 a6 16. Bd3 Bd8 17. Rd1 Bc6 18. Rd6 Bd5 19. c4 Bb7 20. Nf6+ Bxf6 21.
exf6 g6 22. Qe3 Kh8 23. Rd7 1-0

[Event "Decin op"]
[Site "Decin"]
[Date "1996.??.??"]
[Round "5"]
[White "Aronian, Levon"]
[Black "Chernyshov, Konstantin"]
[Result "1-0"]
[WhiteElo "2390"]
[BlackElo "2470"]
[PlyCount "131"]
[EventDate "1996.??.??"]
[EventType "swiss"]
[EventRounds "9"]
[EventCountry "CZE"]
[SourceTitle "CBM 053 Extra"]
[Source "ChessBase"]
[SourceDate "1996.09.01"]
[SourceVersion "1"]
[SourceVersionDate "1996.09.01"]
[SourceQuality "1"]

1. d4 c5 2. d5 e5 3. e4 d6 4. Nc3 g6 5. Nf3 Bg7 6. Nd2 Nd7 7. Nc4 Nb6 8. Nxb6
Qxb6 9. Bb5+ Ke7 10. a4 a6 11. a5 Qc7 12. Bd3 Nf6 13. O-O Re8 14. f3 Kf8 15.
Be3 Kg8 16. Qe1 Nh5 17. Na4 Bd7 18. Nb6 Rad8 19. b4 Nf4 20. bxc5 dxc5 21. Ra3
Bf8 22. Rc3 Bb5 23. g3 Nxd3 24. cxd3 c4 25. dxc4 Bb4 26. Qa1 Bxc3 27. Qxc3 f6
28. Rd1 Bd7 29. c5 Bb5 30. Rb1 Kg7 31. Nc4 g5 32. Na3 g4 33. Nxb5 axb5 34. fxg4
Qd7 35. g5 f5 36. d6 fxe4 37. Qc2 Qg4 38. Rxb5 Rd7 39. Rb4 Rf7 40. Rxe4 Qf5 41.
Qg2 Ref8 42. h4 Kg8 43. Kh2 Ra8 44. Ra4 Qd3 45. Bg1 Raf8 46. Re4 Qc3 47. Qa2
Ra8 48. Re3 Qxa5 49. Qxa5 Rxa5 50. Rxe5 Kf8 51. Re6 Ra2+ 52. Kh3 Rd2 53. Be3
Rd3 54. Kg4 Rc3 55. Kh5 Rc4 56. Kh6 Rg4 57. Rf6 Rxf6+ 58. gxf6 Ke8 59. Bf4 Rg6+
60. Kxh7 Rxf6 61. Kg7 Rf5 62. Kg6 Rxc5 63. h5 Kf8 64. h6 Kg8 65. h7+ Kh8 66.
Bh6 1-0

[Event "Decin op"]
[Site "Decin"]
[Date "1996.??.??"]
[Round "7"]
[White "Aronian, Levon"]
[Black "Kholmov, Ratmir D"]
[Result "1/2-1/2"]
[WhiteElo "2390"]
[BlackElo "2435"]
[PlyCount "49"]
[EventDate "1996.??.??"]
[EventType "swiss"]
[EventRounds "9"]
[EventCountry "CZE"]
[SourceTitle "CBM 053 Extra"]
[Source "ChessBase"]
[SourceDate "1996.09.01"]
[SourceVersion "1"]
[SourceVersionDate "1996.09.01"]
[SourceQuality "1"]

1. d4 Nf6 2. Nc3 d5 3. Bg5 e6 4. e4 dxe4 5. Nxe4 Nbd7 6. Nf3 Be7 7. Nxf6+ Nxf6
8. Bd3 c5 9. O-O cxd4 10. Nxd4 O-O 11. c3 Bd7 12. Re1 Nd5 13. Bxe7 Nxe7 14. Qh5
g6 15. Qh6 Nc6 16. Nf3 Qf6 17. Ng5 Qg7 18. Qh4 Rad8 19. Ne4 Bc8 20. Bc4 Kh8 21.
Rad1 Rxd1 22. Rxd1 Qe5 23. Ng5 Qg7 24. Ne4 f6 25. Qg3 1/2-1/2

[Event "Decin op"]
[Site "Decin"]
[Date "1996.??.??"]
[Round "8"]
[White "Aronian, Levon"]
[Black "Cherevatenko, Roman"]
[Result "0-1"]
[WhiteElo "2390"]
[BlackElo "2415"]
[PlyCount "92"]
[EventDate "1996.??.??"]
[EventType "swiss"]
[EventRounds "9"]
[EventCountry "CZE"]
[SourceTitle "CBM 053 Extra"]
[Source "ChessBase"]
[SourceDate "1996.09.01"]
[SourceVersion "1"]
[SourceVersionDate "1996.09.01"]
[SourceQuality "1"]

1. d4 Nf6 2. Nc3 d5 3. Bg5 c6 4. Qd3 Qa5 5. Bd2 Na6 6. Nd1 Qb6 7. Nf3 Ne4 8. e3
Nb4 9. Bxb4 Qxb4+ 10. c3 Qb6 11. Qc2 g6 12. Bd3 Nd6 13. O-O Bg7 14. Nd2 c5 15.
dxc5 Qxc5 16. e4 dxe4 17. Nxe4 Nxe4 18. Bxe4 O-O 19. Ne3 Rb8 20. Rad1 b5 21.
Qb3 a5 22. Rd5 Qb6 23. c4 bxc4 24. Qxb6 Rxb6 25. Rxa5 Rxb2 26. Nxc4 Rb4 27. Bd3
Be6 28. Ne3 Rd8 29. Be2 h5 30. a4 Rb2 31. Bf3 Rdd2 32. Ra8+ Kh7 33. a5 Bd4 34.
a6 Rxf2 35. Re1 Rfd2 36. h4 Ra2 37. Kh2 Ra3 38. Nf1 Rda2 39. Bb7 Bf2 40. Rd1
Bxh4 41. Rad8 Bf6 42. R8d2 Bc4 43. Rxa2 Rxa2 44. Kg1 Kg7 45. Ne3 Bxa6 46. Bd5
Ra1 0-1

[Event "Wch U14"]
[Site "Menorca"]
[Date "1996.??.??"]
[Round "2"]
[White "Aronian, Levon"]
[Black "Perez Candelario, Manuel"]
[Result "1-0"]
[WhiteElo "2390"]
[BlackElo "2095"]
[PlyCount "74"]
[EventDate "1996.??.??"]
[EventType "swiss"]
[EventRounds "11"]
[EventCountry "ESP"]
[SourceTitle "Juniors"]
[Source "ChessBase"]
[SourceDate "1999.07.01"]
[SourceVersion "1"]
[SourceVersionDate "1999.07.01"]
[SourceQuality "1"]

1. e4 d6 2. d4 Nf6 3. Bd3 g6 4. Nf3 Bg7 5. O-O O-O 6. c3 Nbd7 7. Re1 e5 8. Nbd2
c6 9. a4 Qc7 10. b3 Re8 11. Ba3 Nh5 12. Nc4 Bf8 13. Bf1 c5 14. b4 b6 15. bxc5
bxc5 16. d5 Ng7 17. Nfd2 f5 18. exf5 gxf5 19. f4 Bb7 20. fxe5 dxe5 21. d6 Bxd6
22. Nxd6 Qxd6 23. Nc4 Qxd1 24. Raxd1 Bc6 25. Rd6 Rac8 26. Rh6 Bxa4 27. Rh4 Bb3
28. Nd6 Rcd8 29. Nxe8 Rxe8 30. Rb1 Bf7 31. Rd1 Nf6 32. Rh3 Rb8 33. Rhd3 Rb3 34.
Bc1 Be6 35. Rd6 Nfe8 36. Rc6 Bf7 37. Rxc5 Bg6 {42-move} 1-0

[Event "Wch U14"]
[Site "Menorca"]
[Date "1996.??.??"]
[Round "3"]
[White "Siegel, Noah J"]
[Black "Aronian, Levon"]
[Result "1/2-1/2"]
[WhiteElo "2240"]
[BlackElo "2390"]
[PlyCount "56"]
[EventDate "1996.??.??"]
[EventType "swiss"]
[EventRounds "11"]
[EventCountry "ESP"]
[SourceTitle "Juniors"]
[Source "ChessBase"]
[SourceDate "1999.07.01"]
[SourceVersion "1"]
[SourceVersionDate "1999.07.01"]
[SourceQuality "1"]

1. d4 Nf6 2. Nf3 g6 3. c4 Bg7 4. Nc3 d5 5. e3 O-O 6. Qb3 dxc4 7. Bxc4 Nc6 8.
Be2 Ne8 9. O-O e5 10. dxe5 Nxe5 11. Rd1 Nd6 12. Bd2 Be6 13. Qc2 Nxf3+ 14. Bxf3
Qf6 15. Rac1 Nc4 16. b3 Nxd2 17. Rxd2 Qxc3 18. Qxc3 Bxc3 19. Rxc3 c6 20. Kf1
Rfd8 21. Rcd3 Rxd3 22. Rxd3 a5 23. a4 Ra6 24. Ke1 Rb6 25. Bd1 Kf8 26. Kd2 Ke7
27. Kc3 Rb4 28. Rd4 c5 1/2-1/2